[Event "BCF-chT3N 1920 (4NCL)"]
[Site "England"]
[Date "2020.01.11"]
[Round "3.54"]
[White "Anderson, Paul W"]
[Black "Lamb, Ian"]
[Result "0-1"]
[WhiteElo "1752"]
[BlackElo "1742"]
[PlyCount "80"]
[EventDate "2019.11.09"]
[EventType "team-swiss"]
[EventRounds "11"]
[EventCountry "ENG"]
[SourceTitle "EXT 2022"]
[Source "ChessBase"]
[SourceDate "2021.10.06"]
[SourceVersion "1"]
[SourceVersionDate "2021.10.06"]
[SourceQuality "1"]
[WhiteTeam "Jorvik"]
[BlackTeam "Bolton & Worsley"]
[WhiteTeamCountry "ENG"]
[BlackTeamCountry "ENG"]

1. c4 e6 2. Nf3 Nf6 3. Nc3 d5 4. e3 Be7 5. d4 0-0 6. b3 c5 7. Bb2 Nc6 8. cxd5 exd5 9. Bd3 cxd4 10. Nxd4 Nxd4 11. exd4 Be6 12. 0-0 Rc8 13. Rc1 Qa5 14. Qe2 a6 15. Na4 Rfe8 16. Rc2 Rxc2 17. Qxc2 Rc8 18. Qb1 h6 19. f4 Bd7 20. Bf5 Qd8 21. Bxd7 Qxd7 22. Nb6 Qd8 23. Nxc8 Qxc8 24. Rc1 Qg4 25. f5 Ne4 26. Qc2 Bg5 27. Re1 Bh4 28. Rf1 Bg5 29. Bc1 Bf6 30. Be3 Bg5 31. Qc8+ Kh7 32. Qc1 Qe2 33. Bxg5 Nxg5 34. Rf2 Qd3 35. Qd2 Qb5 36. Rf1 Ne4 37. g4 Nxd2 38. Rf2 Qd3 39. f6 Kg6 40. fxg7 Kxg7 0-1

[Event "BCF-chT3N 1718 (4NCL)"]
[Site "England"]
[Date "2018.05.05"]
[Round "9.56"]
[White "Garnett, John S"]
[Black "Anderson, Paul W"]
[Result "1-0"]
[WhiteElo "1916"]
[BlackElo "1783"]
[PlyCount "59"]
[EventDate "2017.11.11"]
[EventType "team-swiss"]
[EventRounds "11"]
[EventCountry "ENG"]
[SourceTitle "EXT 2020"]
[Source "ChessBase"]
[SourceDate "2019.10.17"]
[SourceVersion "1"]
[SourceVersionDate "2019.10.17"]
[SourceQuality "1"]
[WhiteTeam "Ashfield Breadsall"]
[BlackTeam "Jorvik"]
[WhiteTeamCountry "ENG"]
[BlackTeamCountry "ENG"]

1. d4 d5 2. Nf3 Nf6 3. e3 Bg4 4. h3 Bh5 5. g4 Bg6 6. Ne5 Nbd7 7. h4 h6 8. Nxg6 fxg6 9. Bd3 e6 10. Bxg6+ Ke7 11. b3 Nb6 12. Nd2 Kd7 13. Bb2 Be7 14. Qe2 Qf8 15. 0-0-0 Ba3 16. g5 Ne8 17. e4 Bxb2+ 18. Kxb2 Qb4 19. Nb1 Nd6 20. c3 Qa5 21. exd5 Nxd5 22. Qe5 Raf8 23. Qxg7+ Kc6 24. Bc2 Rxf2 25. Qxh8 Ne3 26. Rd2 Rxd2 27. Nxd2 Nxc2 28. Kxc2 Qf5+ 29. Kc1 Qd3 30. d5+ 1-0

[Event "BCF-chT3N 1617 (4NCL)"]
[Site "England"]
[Date "2017.01.15"]
[Round "4.208"]
[White "Anderson, Paul W"]
[Black "Kildea, Robbie"]
[Result "0-1"]
[WhiteElo "1746"]
[BlackElo "1729"]
[PlyCount "69"]
[EventDate "2016.11.26"]
[EventType "team-swiss"]
[EventRounds "11"]
[EventCountry "ENG"]
[SourceTitle "EXT 2019"]
[Source "ChessBase"]
[SourceDate "2018.10.10"]
[SourceVersion "1"]
[SourceVersionDate "2018.10.10"]
[SourceQuality "1"]
[WhiteTeam "Jorvik"]
[BlackTeam "Enniscorthy"]
[WhiteTeamCountry "ENG"]
[BlackTeamCountry "IRL"]

1. c4 b6 2. Nc3 Bb7 3. d4 Nf6 4. Nf3 e6 5. e3 d5 6. Be2 Bd6 7. Nd2 Nbd7 8. Bf3 c5 9. cxd5 exd5 10. 0-0 h5 11. Nb5 Bxh2+ 12. Kxh2 Ng4+ 13. Kg1 Qh4 14. Re1 Qxf2+ 15. Kh1 Ndf6 16. e4 Qh4+ 17. Kg1 Qf2+ 18. Kh1 0-0-0 19. b4 Qh4+ 20. Kg1 Qf2+ 21. Kh1 dxe4 22. Nxe4 Nxe4 23. Bxe4 Qh4+ 24. Kg1 Qf2+ 25. Kh1 Bxe4 26. Rxe4 Qh4+ 27. Kg1 Qf2+ 28. Kh1 Qh4+ 29. Kg1 Qh2+ 30. Kf1 Qh1+ 31. Ke2 Qxg2+ 32. Kd3 Nf2+ 33. Kc4 Nxd1 34. Nxa7+ Kd7 35. Re5 0-1

[Event "BCF-chT3N 1415 (4NCL)"]
[Site "England"]
[Date "2015.01.10"]
[Round "3.70"]
[White "Gardiner, Eric D"]
[Black "Anderson, Paul W"]
[Result "1-0"]
[WhiteElo "2011"]
[BlackElo "1876"]
[PlyCount "57"]
[EventDate "2014.11.15"]
[EventType "team-swiss"]
[EventRounds "6"]
[EventCountry "ENG"]
[SourceTitle "EXT 2016"]
[Source "ChessBase"]
[SourceDate "2015.10.08"]
[SourceVersion "1"]
[SourceVersionDate "2015.10.08"]
[SourceQuality "1"]
[WhiteTeam "Bradford DCA Knights"]
[BlackTeam "Jorvik"]
[WhiteTeamCountry "ENG"]
[BlackTeamCountry "ENG"]

1. d4 d5 2. c4 dxc4 3. Nf3 a6 4. e3 Nf6 5. Bxc4 e6 6. 0-0 b5 7. Bb3 Bb7 8. a4 Nbd7 9. Qe2 Be7 10. Nbd2 0-0 11. Rd1 c5 12. e4 cxd4 13. e5 Nd5 14. Ne4 bxa4 15. Bxa4 N7b6 16. Bc2 Qc7 17. Neg5 h6 18. Qd3 g6 19. Nxe6 Nb4 20. Nxc7 Nxd3 21. Nxa8 Nxc1 22. Nxb6 d3 23. Rdxc1 dxc2 24. Rxc2 Be4 25. Rc4 Bf5 26. Nd5 Bd8 27. Nd4 Be6 28. Nxe6 fxe6 29. Nc7 1-0

[Event "BCF-chT3 1314 (4NCL)"]
[Site "England"]
[Date "2014.03.23"]
[Round "8.179"]
[White "Breed, Greg"]
[Black "Anderson, Paul W"]
[Result "1/2-1/2"]
[WhiteElo "1736"]
[BlackElo "1886"]
[PlyCount "126"]
[EventDate "2013.11.16"]
[EventType "team-swiss"]
[EventRounds "11"]
[EventCountry "ENG"]
[SourceTitle "EXT 2015"]
[Source "ChessBase"]
[SourceDate "2014.11.20"]
[SourceVersion "1"]
[SourceVersionDate "2014.11.20"]
[SourceQuality "1"]
[WhiteTeam "Cambridge III"]
[BlackTeam "Jorvik"]
[WhiteTeamCountry "ENG"]
[BlackTeamCountry "ENG"]

1. Nf3 g6 2. e4 d6 3. d4 Bg7 4. Bd3 e5 5. Bg5 Ne7 6. Nc3 c6 7. dxe5 dxe5 8. h3 Be6 9. 0-0 f6 10. Be3 Nd7 11. Qd2 0-0 12. Rad1 Nb6 13. b3 Qc7 14. a4 Rad8 15. a5 Nbc8 16. Na4 b6 17. Qc3 Kh8 18. axb6 axb6 19. Ra1 f5 20. Bc4 Bxc4 21. bxc4 f4 22. Bc1 c5 23. Ng5 Rf6 24. Bb2 Nc6 25. Qb3 Nd4 26. Bxd4 cxd4 27. Nb2 h6 28. Nf3 Rc6 29. Ra8 Na7 30. Rxd8+ Qxd8 31. Ra1 Qc7 32. Ra6 Nc8 33. Qa4 Kh7 34. Ra8 g5 35. Qb5 Nd6 36. Qd5 Nf7 37. Kh2 Rd6 38. Qb5 Rd8 39. Rxd8 Qxd8 40. Nd3 Qc7 41. Qd5 Qe7 42. Qb5 Qc7 43. Nd2 h5 44. f3 Bf8 45. Qd5 Kg7 46. Nf1 Qd6 47. Nd2 Kf6 48. Qb7 Be7 49. Qc8 Qe6 50. Qg8 h4 51. Nf2 Bb4 52. Ng4+ Ke7 53. Nb3 Be1 54. Kg1 Bb4 55. Nc1 Bd6 56. Nd3 Qxc4 57. Nh6 b5 58. Nf5+ Kd7 59. Nxd6 Kxd6 60. Qf8+ Ke6 61. Nc5+ Kf6 62. Nd7+ Ke6 63. Nc5+ Kf6 1/2-1/2

[Event "BCF-chT2 1011 (4NCL) North"]
[Site "England"]
[Date "2011.03.26"]
[Round "7"]
[White "Patrick, David A"]
[Black "Anderson, Paul W"]
[Result "1-0"]
[WhiteElo "1961"]
[BlackElo "1834"]
[PlyCount "151"]
[EventDate "2010.11.06"]
[EventType "team-swiss"]
[EventRounds "9"]
[EventCountry "ENG"]
[SourceTitle "EXT 2012"]
[Source "ChessBase"]
[SourceDate "2011.11.24"]
[SourceVersion "1"]
[SourceVersionDate "2011.11.24"]
[SourceQuality "1"]

1. e4 e5 2. Nf3 Nf6 3. Nxe5 d6 4. Nf3 Nxe4 5. d4 d5 6. Bd3 Nc6 7. c3 Bg4 8. 0-0 Bd6 9. Re1 f5 10. Nbd2 Qd7 11. Qa4 0-0 12. c4 Ne5 13. Qxd7 Nxd7 14. cxd5 Nef6 15. h3 Bxf3 16. Nxf3 Nxd5 17. Bd2 Rae8 18. Rxe8 Rxe8 19. Bxf5 N7b6 20. Re1 Rxe1+ 21. Bxe1 Kf7 22. Bb1 g6 23. a3 Kf6 24. g3 c6 25. Bd2 Nc4 26. Bg5+ Kg7 27. Bc1 b5 28. Ng5 b4 29. Ba2 Na5 30. axb4 Nxb4 31. Ne6+ Kf7 32. Ng5+ Kg7 33. Be6 Nb7 34. Bc8 Nd8 35. Bd2 Nd5 36. Ba5 Bc7 37. Bd2 Bb6 38. Nf3 c5 39. dxc5 Bxc5 40. Ne5 Bd4 41. Nc4 Nb6 42. Nxb6 axb6 43. Bc3 Bxc3 44. bxc3 Kf6 45. Kf1 Ke5 46. Ke2 Nc6 47. Kd3 Nd8 48. f4+ Kd6 49. Kc4 Nc6 50. Bg4 Ne7 51. Kb5 Nd5 52. c4 Ne3 53. Bf3 Kc7 54. g4 Nc2 55. Bd5 Ne3 56. Bg8 h5 57. Bf7 hxg4 58. hxg4 Nxg4 59. Bxg6 Nf6 60. Bf7 Ne4 61. Be6 Nf6 62. f5 Ne4 63. Bd5 Nf6 64. Ba8 Ne8 65. c5 bxc5 66. Kxc5 Kd8 67. Bc6 Nf6 68. Kd6 Nh7 69. Ke6 Ng5+ 70. Kf6 Nh7+ 71. Kg6 Nf8+ 72. Kg7 Ke7 73. f6+ Ke6 74. Ba4 Ke5 75. Bb3 Nd7 76. f7 1-0